00339nam a2200133Ia 4500008004100000020001800041041000800059082001100067100001600078245005700094250001100151260002900162650001400191260624s2022 xx 000 0 und d a9780323661652 aeng a616.07 aReddy David aGattusos Differntial Diagnosis in Surgical Pathology a4th ed bElsevier, Pub.2022c2022 aPathology